Plebiscyt "Przeglądu Sportowego" - dyscypliny zwycięzców - Statystyki

Ogólne statystyki
  • Ten quiz został rozwiązany 108 razy
  • Średni wynik to 6 z 11
Statystyki odpowiedzi
Miejsce ile razy Dyscyplina sportowa % Poprawnych
4 5 piłka nożna
98%
1 30 lekkoatletyka
88%
2 7 skoki narciarskie
88%
7 4 tenis ziemny
74%
7 4 boks
62%
3 6 biegi narciarskie
59%
10 3 pływanie
48%
4 5 kolarstwo szosowe
36%
4 5 judo
33%
7 4 szermierka
26%
10 3 podnoszenie ciężarów
25%
Nie znaleziono quizów pasujących do podanych kryteriów
Rozkład punktacji
Procent ludzi z każdym wynikiem
Percentyl według liczby udzielonych odpowiedzi
Twoja historia wyników
Nie rozwiązałeś tego quizu